000 00375nam a2200109Ia 4500
008 240129s9999 xx 000 0 und d
100 _aVISWAJA, MEDIPALLI
245 0 _aDEVELOPMENT AND IN VITRO EVALUATION OF NEVIRAPINE AND RILPIVIRINE SOLID DISPERSIONS USING SOLVENT EVAPORATION METHOD
260 _bMEWAR UNIVERSITY, CHITTORGARH
_c2021
650 _aPharmacy
942 _cTHE
999 _c218940
_d218940